Pokémon - Les attaques de Voltorbe - Statistiques

Statistiques générales
  • Ce quiz a été pris 14 fois
  • Le résultat moyen est 10 sur 17
Statistiques - réponses
Niveaux Types Noms des coups % Correct
Départ Normal Charge
100%
Niveau 41 Normal Explosion
100%
Niveau 26 Normal Destruction
89%
Niveau 9 Électrique Étincelle
89%
Départ Électrique Chargeur
78%
Niveau 37 Électrique Coup d'Jus
78%
Niveau 11 Roche Roulade
78%
Niveau 46 Acier Gyroballe
67%
Niveau 29 Psy Mur Lumière
67%
Niveau 13 Normal Grincement
56%
Niveau 34 Électrique Vol Magnétik
56%
Niveau 16 Électrique Rayon Chargé
44%
Niveau 22 Électrique Boule Élek
33%
Niveau 6 Électrique Ondes Étranges
33%
Niveau 48 Psy Voile Miroir
33%
Niveau 20 Normal Météores
22%
Niveau 4 Normal Sonicboom
22%
Aucun quiz correspondant
Distribution des résultats
% des personnes avec chaque résultat
Percentile par nombre de réponses
Votre historique - résultats
Vous n’avez pas pris ce quiz